| 000 | 02013nam a2200301Ia 4500 | ||
|---|---|---|---|
| 999 |
_c54391 _d54391 |
||
| 001 | 21447 | ||
| 003 | GE_BSU | ||
| 005 | 20211111163910.0 | ||
| 008 | 181216s2016||||ge |||||||||||||| ||geo|| | ||
| 020 | _a9789941095283 | ||
| 040 | _cGE_BSU | ||
| 041 | _ageo | ||
| 080 | _a631(479.22)(035) ა-25 | ||
| 245 |
_aაგროტექნოლოგიური ნორმატივები : _b(ცნობარი ფერმერებისა და ბიზნესმენებისათვის) / _cშემდგენელი ავთანდილ კორახაშვილი ; რედაქტორი თამარ სანიკიძე. |
||
| 250 | _aI გამოცემა | ||
| 264 |
_aთბილისი : _b[?], _c2016. |
||
| 300 |
_a204 გვ. : _bცხრ. ; _c18 სმ. |
||
| 500 | _aსაერთაშორისო შემოკლებები და განზომილებები გვ. : 200-204 | ||
| 520 | _aცნობარი შედგენილია და გამოცემულია გაეროს განვითარების პროგრამისა და სამხრეთ კავკასიაში შვეიცარიის თანამშრომლობის ოფისის მხარდაჭერით | ||
| 541 | _h5 ლ. | ||
| 653 | _aაგროტექნოლოგია | ||
| 653 | _aაგროტექნოლოგიური ნორმატივები | ||
| 653 | _aსოფლის მეურნეობა საქართველოში | ||
| 653 | _aცნობარი ფერმერებისა და ბიზნესმენებისათვის | ||
| 700 |
_aკორახაშვილი, ავთანდილ _eშემდგენელი _95875 |
||
| 700 |
_aსანიკიძე, თამარ _eრედაქტორი _911300 |
||
| 942 |
_cBK _2udc |
||